000 01507nam a2200325 a 4500
001 36164
003 Mx-PuUPA
005 20260519083928.0
008 140415s2025 nju fr 000 0 eng d
020 _a9780138161194
040 _cMx-PuUPA
_aMx-PuUPA
_bspa
_dMx-PuUPA
_erda
041 0 _aeng
100 1 _aCreswell, John W.,
_d1945-
_eautor
_96493
245 1 0 _aEducational research :
_bplanning, conducting, and evaluating quantitative and qualitative research /
_cJohn W. Creswell, Timothy C. Guetterman
250 _aSeventh edition
264 1 _aRiver Street, Hoboken, NJ :
_bPearson Education,
_c©2025
300 _axxiv, 677 páginas :
_bdiagramas, tablas ;
_c26 cm
336 _2rdacontent
_atexto
_btxt
337 _2rdamedia
_asin medio
_bn
338 _2rdacarrier
_avolumen
_bnc
650 7 _2armarc
_aEducación
_xInvestigación
_xMetodología
700 1 _aGuetterman, Timothy C.,
_eautor
942 _2ddc
_cLI
_h370.72
_iC52
999 _c36164
_d36164